Galaxy formation (Record no. 36062)

MARC details
000 -LEADER
fixed length control field 00646 a2200241 4500
003 - CONTROL NUMBER IDENTIFIER
control field IN-BaIIA
005 - DATE AND TIME OF LATEST TRANSACTION
control field 20240921121359.0
008 - FIXED-LENGTH DATA ELEMENTS--GENERAL INFORMATION
fixed length control field 240921b |||||||| |||| 00| 0 eng d
020 ## - INTERNATIONAL STANDARD BOOK NUMBER
International Standard Book Number 978-3-662-65893-2
040 ## - CATALOGING SOURCE
Transcribing agency IIA Library
080 ## - UNIVERSAL DECIMAL CLASSIFICATION NUMBER
Universal Decimal Classification number 524.6-52
Item number LON
100 ## - MAIN ENTRY--PERSONAL NAME
Personal name Longair, Malcolm S
9 (RLIN) 49162
245 ## - TITLE STATEMENT
Title Galaxy formation
Statement of responsibility, etc. by Malcolm S. Longair
250 ## - EDITION STATEMENT
Edition statement 3rd ed.
260 ## - PUBLICATION, DISTRIBUTION, ETC.
Place of publication, distribution, etc. Germany
Name of publisher, distributor, etc. Springer Nature
Date of publication, distribution, etc. 2023
300 ## - PHYSICAL DESCRIPTION
Extent xxv, 772p.
490 ## - SERIES STATEMENT
Series statement Astronomy and Astrophysics Library
650 ## - SUBJECT ADDED ENTRY--TOPICAL TERM
Topical term or geographic name entry element Galaxy
9 (RLIN) 3368
650 ## - SUBJECT ADDED ENTRY--TOPICAL TERM
Topical term or geographic name entry element Cosmology
650 ## - SUBJECT ADDED ENTRY--TOPICAL TERM
Topical term or geographic name entry element Spectrum
9 (RLIN) 17167
650 ## - SUBJECT ADDED ENTRY--TOPICAL TERM
Topical term or geographic name entry element Early Universe
9 (RLIN) 11745
942 ## - ADDED ENTRY ELEMENTS (KOHA)
Source of classification or shelving scheme Universal Decimal Classification
Koha item type Books
Holdings
Withdrawn status Lost status Source of classification or shelving scheme Damaged status Not for loan Home library Current library Shelving location Date acquired Source of acquisition Cost, normal purchase price Total Checkouts Full call number Barcode Date last seen Date last checked out Cost, replacement price Price effective from Koha item type Purchase Price
    Universal Decimal Classification     IIA Library-Bangalore IIA Library-Bangalore General Stacks 29/08/2024 7 5072.83 1 524.6-52/ LON 20672 28/03/2026 10/02/2026 5968.03 21/09/2024 Books  

Powered by Koha